000
00194 a2200073 4500
082
_a
363.125 ROA
245
_a
Roadway Safety Foundation: Roadway Safety Guide /
300
_a
iii, 77p. :
_b
ill. ;
_c
30 cm
650
_a
Roadway Safety
999
_c
2281
_d
2281